États des États-Unis - Mort subite - Statistiques

Statistiques générales
  • Ce quiz a été pris 184 057 fois
    177 965 depuis la dernière actualisation
  • Le résultat moyen est 8 sur 20
Answers on the Grid
Answers color-coded by a green-red scale on the quiz's grid according to % correct below.
Alberta
Porto Rico
Ontario
Virginie-Orientale
Dakota
Basse-Californie
Midwest
Appalaches
Grands Lacs
Nouveau-Texas
Masachaussettes
Caroline du Nord
Arkansas
Colorado
Utah
Montana
Tennessee
Ohio
Wisconsin
Oklahoma
Georgie-du-Sud
Minnesota
New Hampshire
Rhode Island
Alaska
Hawaï
Nouveau-Mexique
Maine
Arizona
Nebraska
Floride
Idaho
Nouvelle-Orléans
Washington D.C.
Guam
Îles Vierges des États-Unis
 
Statistiques - réponses
Réponse % Correct
Floride
45%
Ohio
45%
Alaska
44%
Arizona
44%
Utah
44%
Colorado
41%
Caroline du Nord
40%
Minnesota
40%
Arkansas
39%
Tennessee
39%
Hawaï
38%
Oklahoma
38%
Nebraska
37%
Wisconsin
37%
Idaho
35%
Montana
35%
Nouveau-Mexique
35%
Maine
34%
New Hampshire
30%
Rhode Island
29%
Aucun quiz correspondant
Distribution des résultats
% des personnes avec chaque résultat
Percentile par nombre de réponses
Votre historique - résultats
Vous n’avez pas pris ce quiz depuis la dernière actualisation